Inleiding tot de Algemene en Fysische Chemie
| Main Author: | |
|---|---|
| Format: | Section = Libro |
| Language: | Undetermined Spanish |
| Published: |
Amsterdam
Elsevier
1973
|
| Subjects: |
| LEADER | 00430nam a2200169Ia 4500 | ||
|---|---|---|---|
| 008 | 240830s9999 xx 000 0 und d | ||
| 040 | |a CEDOC FIQ-RUSB / 539 B124 | ||
| 041 | |a spa | ||
| 082 | |a 539 B124 | ||
| 100 | 1 | |a Bachus, J. J. P. M. | |
| 245 | 1 | 0 | |a Inleiding tot de Algemene en Fysische Chemie |
| 260 | |a Amsterdam |b Elsevier |c 1973 | ||
| 300 | |a 196 p.: il. | ||
| 650 | 7 | |a FISICOQUMICA | |
| 942 | |c BK |2 ddc | ||
| 991 | |a TEXTO | ||
| 999 | |c 13434 | ||